<The> Cost of Export Subsidies. Evidence of Costa Rica.

Konštrukcia modelu na odhad vplyvu subvencií exportu na objem exportu. Na základe údajov z Kostariky za 80-te roky sa ukazuje, že uplatnenie projektu subvencie exportu síce vyvolalo vzrast exportu, ale priame finančné náklady tohoto projektu boli podstatné. Zároveň nastal významný vzrast importu.

Saved in:
Bibliographic Details
Main Author: Hoffmaister, A.
Format: Book Chapter
Language:English
Subjects:
Tags: Add Tag
No Tags, Be the first to tag this record!

MARC

LEADER 00000naa a2200000 4500
001 r009141
005 20220913122252.9
041 0 |a eng 
044 |a US 
245 1 0 |a <The> Cost of Export Subsidies.  |b Evidence of Costa Rica.  |c A. Hoffmaister 
520 |a Konštrukcia modelu na odhad vplyvu subvencií exportu na objem exportu. Na základe údajov z Kostariky za 80-te roky sa ukazuje, že uplatnenie projektu subvencie exportu síce vyvolalo vzrast exportu, ale priame finančné náklady tohoto projektu boli podstatné. Zároveň nastal významný vzrast importu. 
610 2 0 |a vývoz 
610 2 0 |a subvencie 
610 2 0 |a Kostarika 
610 2 0 |a modely ekonomicko-matematické 
610 2 0 |a modely simulačné 
100 1 |a Hoffmaister, A.